01358nam a2200265 u 450000100100000000500170001000800410002704000250006808200200009310000260011324501250013926000640026430000210032850000680034950000930041765000290051065100420053970000380058170000430061991000370066204900090069995201820070895201850089099900170107500003144320200930062931.0090706s1955 dr r 000 0 spa d aDO-SdBNPbspacBNPHU a972.9304bP448c1 aPerkins, Dexter9934513aLa cuestión de Santo Domingo 1849-1865 /cDexter, Perkins/traduccida por George L. Lockward y Enrique Ap. Henríquez. aCiudad Trujillo, República Dominicana :bMontalvo,c1955. a434 p. ;c21 cm. aIncluye referencia bibliográficas y notas al pie de páginas aTraducción del quinto capítulo la famosa monografía The Monroe Doctrine, 1826-1867 4aDoctrina de moroe957848 4aRepública DominicanaxHistoria917012aLockward, George L.etrad.95784912aHenríquez, Enrique Ap.etrad.957850 aValidado. Control de calidad MFF aBNPD 001050718RVaPDbPDcHDd2011-06-22iLF1l0o972.9304 P448cp31443-10r2020-06-25w2020-06-25y1zPerteneció a la biblioteca personal de Germán Emilio OrnesZNo se presta 001050718RVaPDbPDcHDd2011-06-22iLF1l0o972.9304 P448cp31443-20r2020-06-25te. 2w2020-06-25y1zPerteneció a la biblioteca personal de Julio Ortega FrierZNo se presta c30935d30935